000 00474nam a2200169Ia 4500
008 090201s9999 xx 000 0 und d
010 _aKPL-12813
040 _bइंग्रजी
041 _aइंग्रजी
082 _a23974
_b12813
100 _aacharya rajneesh
245 _awhat is meditation ?
_cacharya rajneesh
260 _c2004
_bishwarlal n shah publications
300 _a58
_bमोठा
600 _awhat is meditation ?
942 _cBOOK
999 _c223389
_d223389